000 006900000a22002290004500
003 LK-CoMWRAF
005 20240106130316.0
008 230817t2003 ||||| |||| 00| 0 eng d
020 _a817108558X
040 _aLK-CoMWRAF
_dLK-CoMWRAF
_eLK-CoMWRAF
041 _aeng
082 _a200
_bKAI
100 _aKaitholi, George
245 _a We are one :
_bas the sacred scriptures teach
260 _aNew Delhi :
_bBetter Yourself Books,
_c2003
300 _a439 p. ; 23 cm
_bBibliography included
650 _aIndia- Religion- Quotations, maxims,
650 _aPhilosophy, Indic
650 _aSacred books- Inspiration
650 _aReligions (belief systems, cultures)
942 _cBK
999 _c2148
_d2148